000 01079nam0a22002651 4500
001 rc\3176546
005 20260408001657.0
021 _aRU
_bРг10233-76
035 _a(NLR Aleph) 007311368
090 _a5813589
_c5813589
100 _a20120615d1976 |||y0rusy50 ca
101 0 _arus
102 _aRU
105 _aa b |||||
200 1 _aТрансформаторы силовые трехфазные двухобмоточные типа ТДЦ-400000/220, ТЦ-40000/220, ТДЦ-250000/220, ТЦ-250000/220, ТДЦ-125000/220, ТЦ-125000/220
_eКаталог
_fИзготовитель: Запорож. трансформаторный з-д
210 _aМосква
_cБ. и.
_d[1976]
215 _a[4] с.
_cчерт.
_d29
225 1 _aИнформэлектро
_v03.01.43-76
309 _aБез тит. л. и обл.
712 0 2 _aЗапорожский трансформаторный завод
_3RU\NLR\AUTH\8810165999
_9827994
801 0 _aRU
_bNLR
_gpsbo
801 1 _aRU
_bELAR
_2rusmarc
852 _aNLR
_jПт 20/1-03.01.43-76
942 _cBOOK
980 _aNB